02346cam a22003854i 4500003000900000005001700009008004100026035002000067040003300087100004000120245026400160264001000424300004000434336002100474337002500495338002300520502005800543504004100601520105700642526001001699526001001709526000901719526000901728526000901737526000901746526000901755526000901764526000901773526000801782526000801790526000801798526000801806526000801814650013801822PE-LiUPU20250731165405.0151005s2014 pe a grm 000 0 spa d a(Sirsi) a154773 aPE-LiUPUbspacPE-LiUPUerda1 aAtamari Charca, Loyola Floraeautor1 aClima social familiar y su relación con los hábitos de estudio en estudiantes de educación intercultural bilingue de la Escuela Académico Profesional de Educación de la Universidad Peruana Unión Filial Juliaca, 2014 /cLoyola Flora Atamari Charca. 0c2014. a130 hojas : bilustraciones;c30 cm atext2rdacontent aunmediated2rdamedia avolume2rdacarrier aTesisb(Mg.) -- cUniversidad Peruana Unión,d2014. aIncluye referencias bibliográficas3 aLa presente investigación formuló el siguiente problema: ¿Qué relación existe entre el clima Social Familiar y los Hábitos de Estudio en estudiantes de Educación Intercultural Biblingue de la Escuela Académico Profesional de Educación de la Universidad Peruana Unión Filial Juliaca, 2014?, cuyo objetivo principal fue determinar la relación existente entre ambas variables. Este trabajo es de tipo descriptivo -correlacional, estuvo conformado por una población de 64 alumnos, a los cuales se les aplicó l instrumento de investigación, la ficha técnica, denominado Escala del Clima Social en la Familia de MOOS, mide el nivel de clima social familiar, para los hábitos de estudio se aplicó el cuestionario denominado Inventario de Hábitos de Estudio CASM-85. Revisión 98 de Luis Vicuña Peri. Asimismo los resultados específicos de esta investigación demuestran correlación negativa y muy débil entre la variable clima social familiar y los componentes manera de escuchar las clases y momentos de estudio. aSEG44 aSEG26 aP151 aP150 aP149 aP146 aP145 aP126 aP125 aP92 aP75 aP74 aP27 aP1504aPadres e hijosxRelaciones familiaresxMétodos de estudioxUniversidad Peruana Unión Filial Juliaca. EAP de Educación primaria.